[Event "ROU-ch Men 2018"]
[Site "Olanesti"]
[Date "2018.05.16"]
[Round "3"]
[White "Craciun, Ovidiu"]
[Black "Dinca, Ovidiu"]
[Result "1-0"]
[WhiteElo "1931"]
[BlackElo "1863"]
[Annotator "NA"]
[PlyCount "101"]
[EventDate "2018.??.??"]
[EventType "swiss"]
[EventCountry "ROU"]
[SourceTitle "playchess.com"]
[Source "ChessBase"]
[SourceQuality "1"]
[TimeControl "40/5400+30:1800+30"]

1. e4 {[%emt 0:00:54]} c5 {[%emt 0:00:03]} 2. Nf3 {[%emt 0:00:19]} e6 {[%emt 0:00:05]} 3. d4 {[%emt 0:00:06]} cxd4 {[%emt 0:00:03]} 4. Nxd4 {[%emt 0:00:09]} a6 {[%emt 0:00:03]} 5. Bd3 {[%emt 0:00:41]} Nf6 {[%emt 0:00:11]} 6. O-O {[%emt 0:06:27]} d5 {[%emt 0:01:56]} 7. exd5 $11 {[%emt 0:15:26]} Nxd5 {[%emt 0:00:08]} 8. c3 {[%emt 0:01:13]} Qc7 {[%emt 0:04:25]} 9. f4 {[%emt 0:02:13]} Bd6 {[%emt 0:00:39]} 10. Qg4 {[%emt 0:00:33]} g6 {[%emt 0:01:58]} 11. Qh4 {[%emt 0:01:30]} Be7 {[%emt 0:06:17]} 12. Qf2 {[%emt 0:09:02]} Nc6 {[%emt 0:00:39]} 13. Bd2 {[%emt 0:10:15]} Nxd4 {[%emt 0:03:44]} 14. cxd4 {[%emt 0:00:03]} Nb4 {[%emt 0:12:30]} 15. Bxb4 {[%emt 0:02:21]} Bxb4 {[%emt 0:00:08]} 16. Nd2 {[%emt 0:00:48]} O-O {[%emt 0:01:14]} 17. Rac1 {[%emt 0:06:31]} Qd8 {[%emt 0:03:46]} 18. Nf3 {[%emt 0:10:17]} Qd6 {[%emt 0:02:08]} 19. Qh4 {[%emt 0:05:46]} Bd7 {[%emt 0:10:15]} 20. Rfd1 {[%emt 0:06:30]} Bc6 {[%emt 0:00:35]} 21. Be4 {[%emt 0:00:51]} f6 {[%emt 0:15:21]} 22. Bxc6 {[%emt 0:01:49]} bxc6 {[%emt 0:00:04]} 23. Rc4 {[%emt 0:01:09]} Ba5 {[%emt 0:02:48]} 24. Rdc1 {[%emt 0:00:44]} Rac8 {[%emt 0:00:16]} 25. h3 {[%emt 0:04:24]} Bb6 {[%emt 0:00:29]} 26. Kh1 {[%emt 0:02:04]} Kg7 {[%emt 0:00:28]} 27. Qe1 {[%emt 0:04:30]} Rfd8 {[%emt 0:19:02]} 28. Qe4 {[%emt 0:00:24]} c5 {[%emt 0:04:33]} 29. b4 {[%emt 0:00:46]} Qd5 {[%emt 0:01:03]} 30. Qe2 {[%emt 0:00:39]} Qf5 {[%emt 0:00:43]} 31. dxc5 {[%emt 0:01:47]} Bc7 {[%emt 0:00:07]} 32. Qc2 {[%emt 0:00:46]} Rd3 {[%emt 0:01:05]} 33. Ne1 {[%emt 0:01:05]} Rcd8 {[%emt 0:00:54]} 34. Nxd3 {[%emt 0:00:10]} Rxd3 {[%emt 0:00:04]} 35. Qf2 {[%emt 0:00:13]} g5 {[%emt 0:01:05]} 36. Rd4 {[%emt 0:02:32]} Rxd4 {[%emt 0:01:54]} 37. Qxd4 {[%emt 0:00:02]} Bxf4 {[%emt 0:00:09]} 38. Rf1 {[%emt 0:00:18]} e5 {[%emt 0:00:28]} 39. Qd5 {[%emt 0:00:44]} Qc2 {[%emt 0:00:42]} 40. c6 {[%emt 0:00:00]} e4 {[%emt 0:00:53]} 41. Qd7+ {[%emt 0:01:04]} Kh6 {[%emt 0:03:13]} 42. c7 {[%emt 0:02:52]} Qe2 {[%emt 0:01:08]} 43. Rxf4 {[%emt 0:03:20]} gxf4 {[%emt 0:02:12]} 44. Qg4 {[%emt 0:00:37]} f3 {[%emt 0:12:05]} 45. c8=Q {[%emt 0:01:03]} fxg2+ {[%emt 0:00:18]} 46. Qxg2 {[%emt 0:00:07]} Qd1+ {[%emt 0:00:10]} 47. Kh2 {[%emt 0:01:25]} Qd6+ {[%emt 0:00:06]} 48. Kg1 {[%emt 0:01:00]} Qd4+ {[%emt 0:04:12]} 49. Qf2 {[%emt 0:01:08]} e3 {[%emt 0:00:42]} 50. Qf8+ {[%emt 0:00:26]} Kg5 {[%emt 0:00:51]} 51. Qg7+ {[%emt 0:00:27]} 1-0

[Event "ROU-ch Men 2018"]
[Site "Olanesti"]
[Date "2018.05.16"]
[Round "3"]
[White "Bobocea, Laurentiu-Vlad"]
[Black "Pribeanu, Mihail-Dacian"]
[Result "1/2-1/2"]
[WhiteElo "1853"]
[BlackElo "2119"]
[Annotator "NA"]
[PlyCount "72"]
[EventDate "2018.??.??"]
[EventType "swiss"]
[EventCountry "ROU"]
[SourceTitle "playchess.com"]
[Source "ChessBase"]
[SourceQuality "1"]
[TimeControl "40/5400+30:1800+30"]

1. d4 {[%emt 0:00:00]} Nf6 {[%emt 0:00:58]} 2. c4 {[%emt 0:00:00]} g6 3. Nc3 {[%emt 0:00:00]} Bg7 {[%emt 0:00:21]} 4. e4 {[%emt 0:00:08]} d6 {[%emt 0:00:13]} 5. Nf3 {[%emt 0:00:49]} O-O {[%emt 0:00:21]} 6. Be2 {[%emt 0:00:13]} Nbd7 {[%emt 0:00:41]} 7. O-O {[%emt 0:00:46]} e5 {[%emt 0:00:15]} 8. d5 {[%emt 0:06:18]} Nc5 9. Qc2 {[%emt 0:00:36]} a5 {[%emt 0:00:34]} 10. Bg5 {[%emt 0:01:32] LiveBook: 368 Games} Bd7 {[%emt 0:02:59] E94: King's Indian: Classical: 6 Be2 e5 7 0-0: Various Black 7th moves} (10... h6 11. Be3 Ng4 12. Bxc5 dxc5 13. h3 Nf6 14. Nxe5 Nxd5 15. cxd5 Bxe5 16. f4 Bd4+ 17. Kh2 g5 18. e5 gxf4 19. e6 Qh4 20. Bg4 h5 21. Bf3 Qg3+ {½-½ (69) Kasimdzhanov,R (2712)-Mista,A (2597) Trzcianka 2015}) 11. Nd2 {[%emt 0:04:04]} Qe8 {[%emt 0:01:27]} 12. b3 {[%emt 0:01:46]} Kh8 {[%emt 0:02:48]} (12... h6 $11 {keeps the balance.} 13. Be3 Na6) 13. a3 {[%emt 0:02:18]} Ng8 {[%emt 0:00:32]} 14. b4 {[%emt 0:05:50]} axb4 $146 {[%emt 0:03:58]} ({Predecessor:} 14... Na6 $142 15. Rab1 f5 16. f3 axb4 17. axb4 Bh6 18. Bh4 {0-1 (38) Banas,J (2306)-Efroimski,M (2222) Zagreb 2011}) 15. axb4 {[%emt 0:00:09]} Rxa1 {[%emt 0:00:53]} 16. Rxa1 {[%emt 0:00:08]} Na6 {[%emt 0:00:21]} 17. Qb3 {[%emt 0:04:07]} f5 18. f3 {[%emt 0:02:42]} Bh6 $16 {[%emt 0:05:01]} 19. Bxh6 {[%emt 0:00:39]} Nxh6 {[%emt 0:00:06]} 20. c5 {[%emt 0:03:00]} Nb8 21. cxd6 {[%emt 0:10:27]} cxd6 {[%emt 0:05:13]} 22. Nc4 {[%emt 0:00:33]} Qd8 {[%emt 0:04:39]} 23. b5 {[%emt 0:24:50]} fxe4 {[%emt 0:00:33]} 24. Nxe4 {[%emt 0:01:39]} Nf5 {[%emt 0:02:29]} 25. Qb4 {[%emt 0:07:32]} Nd4 {[%emt 0:06:10]} 26. Bd1 {[%emt 0:00:41]} Bxb5 {[%emt 0:08:56]} 27. Nexd6 {[%emt 0:08:15]} Qe7 28. Nxe5 {[%emt 0:05:46]} Ne2+ {[%emt 0:12:08]} 29. Kf2 {[%emt 0:02:11]} Qxe5 {[%emt 0:03:13]} 30. Nxb5 {[%emt 0:00:13]} Re8 {[%emt 0:17:21]} 31. Qe4 {[%emt 0:01:58]} Nf4 32. Qxe5+ {[%emt 0:00:51]} Rxe5 {[%emt 0:03:02]} 33. Ra8 {[%emt 0:04:07]} Re8 {[%emt 0:00:15]} 34. Bb3 {[%emt 0:00:46]} Kg7 {[%emt 0:02:17]} 35. Nd6 {[%emt 0:00:54]} Re2+ {[%emt 0:01:25]} 36. Kf1 {[%emt 0:00:59]} Nd7 1/2-1/2

[Event "ROU-ch Men 2018"]
[Site "Olanesti"]
[Date "2018.05.16"]
[Round "3"]
[White "Toma, Mihail"]
[Black "Rusan, Paul-Cristian"]
[Result "1-0"]
[WhiteElo "1835"]
[BlackElo "2213"]
[Annotator "NA"]
[PlyCount "95"]
[EventDate "2018.??.??"]
[EventType "swiss"]
[EventCountry "ROU"]
[SourceTitle "playchess.com"]
[Source "ChessBase"]
[SourceQuality "1"]
[TimeControl "40/5400+30:1800+30"]

1. d4 {[%emt 0:00:00]} f5 {[%emt 0:00:12]} 2. Bg5 {[%emt 0:00:00]} d6 {[%emt 0:01:56]} 3. Nc3 {[%emt 0:01:46]} h6 {[%emt 0:00:47]} 4. Bf4 Nf6 {[%emt 0:01:31]} 5. Qd3 {[%emt 0:09:57]} Nc6 {[%emt 0:07:11]} 6. d5 {[%emt 0:05:34]} e5 {[%emt 0:01:15]} (6... Ne5 $11 7. Bxe5 dxe5) 7. dxc6 {[%emt 0:00:32]} exf4 {[%emt 0:00:28]} (7... bxc6 {keeps fighting.} 8. Bg3 Be6) 8. cxb7 {[%emt 0:00:07]} Bxb7 {[%emt 0:00:12]} 9. Qb5+ {[%emt 0:00:07]} ({Inferior is} 9. Qxf5 Qd7 $14) 9... c6 {[%emt 0:06:00]} (9... Kf7 $142) 10. Qxb7 {[%emt 0:00:17]} Rc8 {[%emt 0:00:23]} 11. Nf3 {[%emt 0:02:43]} g6 {[%emt 0:04:25]} 12. Nd4 {[%emt 0:01:46]} Rh7 {[%emt 0:00:47]} 13. Qa6 {[%emt 0:04:08]} Qd7 {[%emt 0:02:59]} 14. g3 {[%emt 0:03:43]} fxg3 {[%emt 0:01:43]} 15. hxg3 {[%emt 0:00:20]} d5 {[%emt 0:01:10]} 16. e3 {[%emt 0:02:27]} Bb4 {[%emt 0:03:09]} 17. Bd3 {[%emt 0:01:39]} Ne4 {[%emt 0:01:07]} 18. Bxe4 {[%emt 0:01:53]} fxe4 {[%emt 0:01:04]} 19. a3 {[%emt 0:01:11]} Bxc3+ {[%emt 0:02:36]} 20. bxc3 {[%emt 0:00:06]} h5 {[%emt 0:00:16]} 21. Rb1 {[%emt 0:03:40]} Rf7 {[%emt 0:03:07]} 22. Rh4 {[%emt 0:03:32]} Kf8 {[%emt 0:07:23]} 23. Rf4 {[%emt 0:03:04]} Rc7 {[%emt 0:00:27]} 24. Rxf7+ {[%emt 0:01:24]} Kxf7 {[%emt 0:01:43]} 25. Rb8 {[%emt 0:01:48]} Kg7 {[%emt 0:06:47]} 26. Qa5 {[%emt 0:07:00]} Kf7 {[%emt 0:12:02]} 27. Rh8 {[%emt 0:02:41]} Kg7 {[%emt 0:00:29]} 28. Qxc7 {[%emt 0:03:35]} Qxc7 {[%emt 0:00:10]} 29. Ne6+ {[%emt 0:00:04]} Kxh8 {[%emt 0:00:13]} 30. Nxc7 {[%emt 0:00:02]} Kg7 {[%emt 0:00:29]} 31. Ne6+ {[%emt 0:00:01]} Kf6 {[%emt 0:00:17]} 32. Nd8 {[%emt 0:00:13]} c5 {[%emt 0:01:37]} 33. Nc6 {[%emt 0:00:31]} a6 {[%emt 0:01:07]} 34. Nb8 {[%emt 0:00:48]} Ke6 {[%emt 0:00:36]} 35. Nxa6 {[%emt 0:00:34]} Kd6 {[%emt 0:00:03]} 36. Ke2 {[%emt 0:04:51]} Kc6 {[%emt 0:01:57]} 37. f3 {[%emt 0:00:31]} Kb6 {[%emt 0:01:00]} 38. fxe4 {[%emt 0:01:01]} dxe4 {[%emt 0:00:32] [#]} 39. Nb4 $1 {[%emt 0:06:36]} cxb4 {[%emt 0:01:05]} 40. cxb4 {[%emt 0:00:00]} Kb5 {[%emt 0:00:12] [#]} 41. g4 $18 {[%emt 0:00:32]} h4 {[%emt 0:00:45]} 42. g5 {[%emt 0:00:02]} Kc4 {[%emt 0:00:03]} 43. Kf2 {[%emt 0:00:21]} Kc3 {[%emt 0:00:31]} 44. b5 {[%emt 0:00:15]} h3 {[%emt 0:00:26]} 45. b6 {[%emt 0:00:08]} h2 {[%emt 0:00:09]} 46. Kg2 {[%emt 0:00:03]} Kd2 {[%emt 0:00:16]} 47. b7 {[%emt 0:00:20]} Kxe3 {[%emt 0:00:27]} 48. b8=Q {[%emt 0:00:29]} 1-0

[Event "ROU-ch Men 2018"]
[Site "Olanesti"]
[Date "2018.05.16"]
[Round "3"]
[White "Cenusa, Mihai"]
[Black "Ciorgovean, Iustin"]
[Result "0-1"]
[WhiteElo "1819"]
[BlackElo "2169"]
[Annotator "NA"]
[PlyCount "96"]
[EventDate "2018.??.??"]
[EventType "swiss"]
[EventCountry "ROU"]
[SourceTitle "playchess.com"]
[Source "ChessBase"]
[SourceQuality "1"]
[TimeControl "40/5400+30:1800+30"]

1. e4 {[%emt 0:00:00]} c5 {[%emt 0:00:05]} 2. Nf3 {[%emt 0:00:00]} d6 {[%emt 0:00:05]} 3. c4 {[%emt 0:00:00]} Bg4 {[%emt 0:00:46]} 4. Nc3 {[%emt 0:00:12]} Nc6 {[%emt 0:01:49] LiveBook: 6 Games} 5. Qa4 {[%emt 0:00:19]} (5. d3 $11) 5... Bxf3 {[%emt 0:16:27]} 6. gxf3 {[%emt 0:00:11]} Qd7 {[%emt 0:01:01]} 7. d3 {[%emt 0:03:56]} Nd4 {[%emt 0:02:46]} 8. Qd1 {[%emt 0:02:10]} g6 {[%emt 0:00:31]} 9. Be3 {[%emt 0:00:10]} Bg7 {[%emt 0:00:09]} 10. h4 {[%emt 0:02:07]} h5 {[%emt 0:00:44]} 11. Rb1 {[%emt 0:01:51]} e6 {[%emt 0:19:40]} 12. Bh3 {[%emt 0:01:25]} Ne7 {[%emt 0:03:48]} 13. Bxd4 {[%emt 0:02:39]} Bxd4 {[%emt 0:00:17]} 14. Ne2 {[%emt 0:00:15]} Bf6 {[%emt 0:02:33]} 15. d4 {[%emt 0:03:19]} cxd4 {[%emt 0:06:48]} 16. Nxd4 {[%emt 0:00:33]} a6 {[%emt 0:01:49]} 17. Bf1 {[%emt 0:02:34]} Rc8 {[%emt 0:02:41]} 18. b3 {[%emt 0:02:26]} O-O {[%emt 0:03:46]} 19. f4 {[%emt 0:01:24]} Qc7 {[%emt 0:06:38]} 20. Qd2 {[%emt 0:05:38]} Qc5 {[%emt 0:13:01]} 21. Rd1 {[%emt 0:03:28]} Rfd8 {[%emt 0:01:21]} 22. Nf3 {[%emt 0:00:21]} b5 {[%emt 0:00:54]} 23. Be2 {[%emt 0:06:22]} bxc4 {[%emt 0:04:19]} 24. bxc4 {[%emt 0:00:14]} Rb8 {[%emt 0:00:19]} 25. e5 $2 {[%emt 0:02:55]} (25. Kf1 $17) 25... dxe5 {[%emt 0:00:41]} 26. Qxd8+ {[%emt 0:00:08]} Rxd8 {[%emt 0:00:01]} 27. Rxd8+ {[%emt 0:00:09]} Kg7 {[%emt 0:00:04]} 28. fxe5 {[%emt 0:00:50]} Bxe5 {[%emt 0:01:21]} 29. Rd7 Bf6 {[%emt 0:01:09]} 30. O-O {[%emt 0:09:49]} e5 {[%emt 0:00:21]} 31. Rb1 {[%emt 0:13:26]} e4 {[%emt 0:00:46]} 32. Ng5 {[%emt 0:07:11]} e3 {[%emt 0:02:09]} 33. Ne4 {[%emt 0:02:26]} Qf5 {[%emt 0:00:39]} 34. Nxf6 {[%emt 0:02:37]} Qxb1+ {[%emt 0:00:59]} 35. Rd1 {[%emt 0:00:09]} Qf5 {[%emt 0:00:19]} 36. Ne8+ {[%emt 0:02:36]} Kf8 {[%emt 0:00:40]} 37. fxe3 {[%emt 0:02:08]} Kxe8 {[%emt 0:00:07]} 38. Rd6 {[%emt 0:01:43]} a5 {[%emt 0:00:59]} 39. Ra6 {[%emt 0:01:35]} Qc5 {[%emt 0:00:48]} 40. Ra8+ {[%emt 0:00:00]} Kd7 {[%emt 0:00:18]} 41. Rf8 {[%emt 0:11:59]} Qxe3+ {[%emt 0:01:40]} 42. Kf1 {[%emt 0:00:06]} Nf5 {[%emt 0:01:18]} 43. Rxf7+ {[%emt 0:00:51]} Ke8 $19 {[%emt 0:00:13]} 44. Rxf5 {[%emt 0:00:18]} gxf5 {[%emt 0:00:07]} 45. Bxh5+ {[%emt 0:00:19]} Ke7 {[%emt 0:00:05]} 46. Kg2 {[%emt 0:02:23]} Qf4 {[%emt 0:01:29]} 47. c5 {[%emt 0:00:56]} Qc4 {[%emt 0:00:31]} 48. Kg3 {[%emt 0:00:24]} Qxc5 {[%emt 0:00:10]} 0-1

[Event "ROU-ch Men 2018"]
[Site "Olanesti"]
[Date "2018.05.16"]
[Round "3"]
[White "Morariu, Daniel"]
[Black "Albu, George"]
[Result "1-0"]
[WhiteElo "1656"]
[BlackElo "2038"]
[Annotator "NA"]
[PlyCount "57"]
[EventDate "2018.??.??"]
[EventType "swiss"]
[EventCountry "ROU"]
[SourceTitle "playchess.com"]
[Source "ChessBase"]
[SourceQuality "1"]
[TimeControl "40/5400+30:1800+30"]

1. e4 {[%emt 0:00:00]} c5 {[%emt 0:03:25]} 2. Nf3 {[%emt 0:00:00]} e6 {[%emt 0:00:08]} 3. d4 {[%emt 0:00:30]} cxd4 {[%emt 0:00:07]} 4. Nxd4 {[%emt 0:00:09]} a6 {[%emt 0:00:06]} 5. c4 {[%emt 0:00:30]} Qc7 {[%emt 0:00:06]} 6. Nc3 {[%emt 0:00:26]} Nf6 {[%emt 0:00:13]} 7. a3 {[%emt 0:00:37]} d6 {[%emt 0:00:12]} 8. Be2 {[%emt 0:03:02] B41: Sicilian: Kan Variation: 5 c4} Nbd7 {[%emt 0:00:10]} 9. Be3 {[%emt 0:00:22]} b6 {[%emt 0:00:18]} 10. O-O {[%emt 0:01:21] LiveBook: 9 Games} Bb7 {[%emt 0:00:04]} 11. f3 {[%emt 0:00:16]} h5 {[%emt 0:00:11]} (11... Be7 12. Rc1 O-O 13. Qd2 Rac8 14. Rfd1 Qb8 15. b4 Bd8 16. Kh1 {1-0 (72) Rambaldi,F (2544)-Svidler,P (2759) Biel 2016}) 12. h4 $146 {[%emt 0:09:16]} ({Predecessor:} 12. Qd2 Be7 13. Rfc1 Rc8 14. b4 Qb8 15. Bf1 h4 {0-1 (31) Schut,L (2286)-David,A (2622) Paleochora 2010}) 12... Be7 {[%emt 0:01:14]} 13. Qe1 {[%emt 0:01:44]} O-O {[%emt 0:01:49]} 14. Qg3 {[%emt 0:02:06]} Rfe8 {[%emt 0:01:51]} 15. Rac1 {[%emt 0:04:22]} Rac8 {[%emt 0:02:11]} 16. Rfd1 {[%emt 0:08:09]} Qb8 $14 {[%emt 0:00:43]} 17. Bf4 {[%emt 0:13:59]} Kh8 {[%emt 0:07:05]} 18. Nc2 {[%emt 0:04:20]} Ne5 {[%emt 0:03:29]} 19. Ne3 {[%emt 0:01:46]} Nfd7 {[%emt 0:17:57]} 20. Bxe5 {[%emt 0:10:07]} Nxe5 {[%emt 0:01:57]} 21. f4 {[%emt 0:00:15]} Nc6 {[%emt 0:16:54]} 22. Bxh5 {[%emt 0:01:54]} g6 {[%emt 0:00:14]} 23. Bxg6 {[%emt 0:20:58]} Rg8 {[%emt 0:04:56]} 24. h5 {[%emt 0:00:20]} fxg6 {[%emt 0:16:37]} 25. hxg6 {[%emt 0:00:14]} Kg7 {[%emt 0:00:07]} 26. Qh3 {[%emt 0:01:08]} Kxg6 {[%emt 0:07:14]} 27. Qxe6+ {[%emt 0:00:19]} Kh7 {[%emt 0:00:25]} 28. Rd5 {[%emt 0:01:29]} Rg6 {[%emt 0:00:53]} 29. Qf7+ {[%emt 0:01:06]} 1-0

[Event "ROU-ch Men 2018"]
[Site "Olanesti"]
[Date "2018.05.17"]
[Round "4"]
[White "Istratescu, Andrei"]
[Black "Szabo, Gergely-Andras-Gyul"]
[Result "1/2-1/2"]
[WhiteElo "2589"]
[BlackElo "2541"]
[Annotator "TA"]
[PlyCount "63"]
[EventDate "2018.??.??"]
[EventType "swiss"]
[EventCountry "ROU"]
[SourceTitle "playchess.com"]
[Source "ChessBase"]
[SourceQuality "1"]

{[%evp 26,63,14,2,24,14,54,53,68,0,17,14,16,14,18,8,11,0,0,0,0,0,0,0,15,-10,0,-16,41,0,14,14,26,25,26,28,26,20,35,15]} 1. d4 Nf6 2. c4 e6 3. Nf3 d5 4. Nc3 Be7 5. Bg5 h6 6. Bh4 O-O 7. e3 b6 8. Be2 Bb7 9. Bxf6 Bxf6 10. cxd5 exd5 11. b4 c6 12. O-O Qd6 13. Qb3 Nd7 14. Rfd1 {LiveBook: 26 Games} a6 {D58: Queen's Gambit Declined: Tartakower Defence} (14... a5 15. b5 c5 16. Rac1 Rfd8 17. Qb1 Rac8 18. h3 Qe7 19. dxc5 Nxc5 20. Bf1 Rc7 21. Ne2 Rdc8 22. Nfd4 {½-½ (101) Salem,A (2652)-Praggnanandhaa,R (2455) Sharjah 2017}) 15. a4 a5 $146 ({Predecessor:} 15... Rfe8 16. a5 b5 17. Ne1 Nf8 18. Bf3 Ne6 19. Na2 g6 20. Nc1 Bg7 21. Ncd3 f5 22. Rac1 {1-0 (35) Marcetic,N (2396)-Popovic,N (2208) Obrenovac 2005}) 16. bxa5 $1 Rxa5 17. g3 ({Better is} 17. e4 $14 Be7 18. exd5) 17... Ba6 18. Bxa6 Rxa6 19. Rac1 Be7 20. Qc2 Rc8 21. Kg2 Qe6 22. Rb1 Raa8 23. Qe2 Bd6 24. Rdc1 g6 25. Ne1 {[%cal Bf3e1,Be1d3,Bd3f4][%mdl 32]} Kg7 26. Qf3 Qf6 (26... Bc7 $11) 27. Nd3 Qxf3+ 28. Kxf3 f6 29. h3 h5 30. Ke2 Kf7 31. Rc2 Ke6 32. Nf4+ {Precision: White = 44%, Black = 27%.} 1/2-1/2

[Event "ROU-ch Men 2018"]
[Site "Olanesti"]
[Date "2018.05.17"]
[Round "4"]
[White "Marin, Mihail"]
[Black "Georgescu, Tiberiu-Marian"]
[Result "1/2-1/2"]
[WhiteElo "2543"]
[BlackElo "2476"]
[Annotator "TA"]
[PlyCount "49"]
[EventDate "2018.??.??"]
[EventType "swiss"]
[EventCountry "ROU"]
[SourceTitle "playchess.com"]
[Source "ChessBase"]
[SourceQuality "1"]

{[%evp 9,49,-17,-18,-18,-19,-17,-15,-8,-11,-58,-18,-31,-27,-18,-22,-19,-18,-54,-24,-80,-36,-34,-29,-45,-38,-64,-33,-54,-48,-51,-49,-47,-14,-69,-62,-78,-46,-53,-30,-23,-48,-44]} 1. c4 e6 2. g3 d5 3. Bg2 dxc4 (3... Nf6 4. Nf3 Be7 5. O-O O-O 6. b3 c5 7. cxd5 Nxd5 8. Nc3 Nc6 9. Bb2 Nxc3 10. dxc3 Qc7 11. Qc2 b6 12. Bc1 Bb7 13. Bf4 Qc8 14. Rad1 Rd8 15. h4 h6 16. Rxd8+ Nxd8 17. Rd1 {1-0 (59) Karjakin,S (2753)-Kramnik,V (2787) Wijk aan Zee 2018}) 4. Na3 Bxa3 5. bxa3 Nc6 6. Bb2 {A13: English Opening: 1...e6} e5 7. Qa4 Nge7 8. Qxc4 {The position is equal.} Be6 9. Qa4 O-O 10. Nf3 f6 $146 ({Predecessor:} 10... Bd5 11. d3 {1-0 (72) Salov,V (2645)-Jussupow,A (2615) Linares 1990}) 11. O-O Qe8 12. Qc2 Rd8 13. a4 Nf5 14. d3 (14. Rfc1 $11 {keeps the balance.}) 14... Rf7 15. Bc3 a5 16. Rab1 b6 17. e3 Nb8 18. Rfe1 Nd6 $1 19. d4 e4 20. Nd2 Bd5 21. f3 (21. Bb2 $11) 21... exf3 $15 22. Bxf3 Bxf3 23. Nxf3 Qe4 24. Qxe4 $1 Nxe4 25. Rec1 {Precision: White = 41%, Black = 62%.} 1/2-1/2

[Event "ROU-ch Men 2018"]
[Site "Olanesti"]
[Date "2018.05.17"]
[Round "4"]
[White "Jianu, Vlad-Cristian"]
[Black "Anton, Teodor"]
[Result "1-0"]
[WhiteElo "2532"]
[BlackElo "2426"]
[Annotator "TA"]
[PlyCount "126"]
[EventDate "2018.??.??"]
[EventType "swiss"]
[EventCountry "ROU"]
[SourceTitle "playchess.com"]
[Source "ChessBase"]
[SourceQuality "1"]

{[%evp 26,126,63,47,63,61,55,53,59,54,102,82,81,83,77,83,128,106,130,9,101,101,101,101,101,101,105,108,101,101,101,101,218,172,172,156,172,112,172,163,154,122,245,189,227,172,172,172,172,172,172,172,172,172,172,172,172,172,172,172,172,172,172,172,172,172,172,172,172,172,172,172,172,172,172,172,172,172,172,172,172,172,172,172,721,639,639,639,639,421,724,688,688,688,608,608,510,510,573,561,29985,29986,29986]} 1. d4 Nf6 2. c4 e6 3. Nf3 Bb4+ 4. Bd2 c5 5. Bxb4 cxb4 6. a3 bxa3 7. Rxa3 O-O 8. e3 d6 9. Nc3 Nc6 10. Be2 e5 11. O-O Bg4 {E11: Bogo-Indian} 12. h3 Bh5 13. Qd2 Re8 14. Rd1 {LiveBook: 3 Games} a5 15. dxe5 dxe5 16. g4 $146 {Hoping for Qxd8.} ({Predecessor:} 16. c5 Qc8 {½-½ (16) Basin,L-Vyzmanavin,A (2480) Belarus 1983}) 16... Bg6 17. Nh4 Qe7 18. Nd5 Nxd5 19. Nxg6 hxg6 20. cxd5 Red8 21. d6 Qf6 22. Bb5 (22. d7 $16) 22... Rxd6 (22... Rd7 $11) 23. Qxd6 $16 Rd8 24. Qxd8+ $1 Nxd8 25. Rxa5 {Ra8 is the strong threat.} Ne6 26. Bf1 $1 $36 {[%mdl 2048] Keeping Black busy.} e4 27. Bg2 Qxb2 28. Bxe4 {And now Ra8+ would win.} Qb4 (28... Qe2 $16 29. Rc1 Nf4) 29. Ra8+ Kh7 30. Bg2 $1 b5 31. Raa1 (31. Rc1 $18) 31... Qe7 (31... Ng5 $16 {might work better.} 32. Rab1 Qc4) 32. Rab1 $18 Nc7 33. Rd4 g5 (33... f5 $16 34. Bf1 Qc5) 34. Bf1 Qc5 35. Rdb4 Qc6 36. Bxb5 Nxb5 37. Rxb5 {[%mdl 4096] Endgame KQ-KRR} f6 38. Rf5 Qc2 39. Ra1 Qb2 40. Rd1 Qc2 41. Rd4 Qc1+ 42. Kg2 Qc6+ 43. Rfd5 Qb7 44. e4 Qc6 45. Rd3 Qb7 46. Re3 Qc6 47. Rd1 Kg6 48. Kg1 Qc2 49. Rde1 Kh6 50. e5 fxe5 51. Rxe5 Qc3 52. R5e3 Qd2 53. Re6+ Kh7 54. R1e5 {aiming for Rf5.} Qc1+ $2 (54... g6 55. Kg2 Qf4) 55. Kg2 Qc8 56. Rd6 Qc4 57. Rdd5 g6 (57... Qc7 $142 58. Rxg5 Qb7 59. Rh5+ Kg8) 58. Rxg5 Qe4+ 59. Kg3 {Threatens to win with Rge5.} Qe1 60. Rge5 Qg1+ {[#]} 61. Kf3 $1 {White threatens Re7+ and mate.} Kg7 62. Rd7+ Kf6 {[#]} 63. Rde7 $1 Qh1+ {Precision: White = 76%, Black = 47%.} 1-0

[Event "ROU-ch Men 2018"]
[Site "Olanesti"]
[Date "2018.05.17"]
[Round "4"]
[White "Nevednichy, Vladislav"]
[Black "Vasilescu, Lucian-Mihail"]
[Result "1-0"]
[WhiteElo "2532"]
[BlackElo "2243"]
[Annotator "TA"]
[PlyCount "85"]
[EventDate "2018.??.??"]
[EventType "swiss"]
[EventCountry "ROU"]
[SourceTitle "playchess.com"]
[Source "ChessBase"]
[SourceQuality "1"]

{[%evp 12,85,33,34,26,26,44,43,49,31,68,54,114,114,155,160,146,118,181,177,172,181,173,179,167,171,176,179,183,181,173,185,187,153,164,148,157,155,147,161,166,166,148,152,149,150,217,190,203,192,696,709,610,642,611,629,606,471,581,385,406,0,572,341,711,652,1009,1021,29996,1106,29994,929,2488,2320,29993,29994]} 1. e4 e5 2. Nf3 d6 3. d4 exd4 4. Qxd4 Nf6 5. Nc3 Be7 6. Bf4 O-O 7. O-O-O Nc6 {C41: Philidor Defence} 8. Qd2 Nd7 9. Kb1 $146 ({Predecessor:} 9. Bb5 a6 10. Bxc6 bxc6 11. e5 d5 12. Nd4 Nb8 13. Nb3 a5 14. Na4 Ba6 15. Qc3 {½-½ (35) Pap,M (2480)-Zude,E (2398) Hofheim 2016}) 9... Re8 {White is slightly better.} 10. Bb5 Bf6 11. Rhe1 Nde5 (11... h6 $14) 12. Bxe5 $16 Bxe5 13. Nxe5 Rxe5 14. f4 Rh5 (14... Re8 $16) 15. h3 $1 $18 Rh6 16. Bf1 Be6 17. Qe3 f6 18. g4 Qd7 19. Qg3 Re8 20. f5 Bf7 21. h4 Qe7 22. Bb5 Qe5 {[#]} 23. Qf2 $1 a6 24. Ba4 b5 25. Bb3 Qc5 26. Qg3 {Black must now prevent g5.} Qe5 27. Bxf7+ Kxf7 28. Qh3 Ne7 (28... Qc5 $16 {was called for.} 29. Nd5 Nb4) 29. a3 a5 30. Ne2 Qxe4 $2 (30... Nc6 31. Qb3+ Kf8) 31. Nd4 Qd5 32. Ne6 Qc6 33. Qe3 {Threatens to win with Nd8+!} Kg8 34. h5 a4 35. Nf4 Kf8 36. Ne6+ $40 {[%mdl 128] Black needs to defend precisely.} ({Not} 36. Qe6 Nc8 $16) (36. Rd3 $142) 36... Kg8 37. Nd4 Qc4 $2 (37... Qd7 38. Qe6+ Qxe6 39. Rxe6 c6) 38. Rd2 {[%cal Bd1d2,Bd2e2,Be2e4][%mdl 32]} Kf7 39. Rde2 {[%cal Re3e7] White threatens Qxe7+ and mate.} Qd5 40. Ne6 (40. Qxe7+ $142 Rxe7 41. Rxe7+ Kg8 42. Re8+ Kf7 43. R1e7#) 40... Qc4 {[#]} 41. Qf3 (41. Nd8+ $142 $1 {[%mdl 512]} Kg8 (41... Rxd8 42. Qxe7+) 42. Qxe7 Rxe7 43. Rxe7 Qxc2+ 44. Kxc2 g5 45. Re8+ Kg7 46. R1e7#) 41... Rb8 42. Re4 Qc6 {[#]} 43. Nd8+ $1 {[%mdl 512] Precision: White = 65%, Black = 33%.} 1-0